RADIATION AND MAN (Record no. 11138)

MARC details
000 -LEADER
fixed length control field 00257nam a22000977a 4500
008 - FIXED-LENGTH DATA ELEMENTS--GENERAL INFORMATION
fixed length control field 180922b ||||| |||| 00| 0 eng d
020 ## - INTERNATIONAL STANDARD BOOK NUMBER
International Standard Book Number 9788123711430
100 ## - MAIN ENTRY--PERSONAL NAME
Personal name JAIN, H C
9 (RLIN) 6902
245 ## - TITLE STATEMENT
Title RADIATION AND MAN
260 ## - PUBLICATION, DISTRIBUTION, ETC. (IMPRINT)
Place of publication, distribution, etc. NEW DELHI
Name of publisher, distributor, etc. NATIONAL BOOK TRUST
Date of publication, distribution, etc. 2015
Holdings
Withdrawn status Lost status Source of classification or shelving scheme Damaged status Koha normalized classification for sorting Not for loan Home library Current library Shelving location Date acquired Total Checkouts Full call number Barcode Date last seen Price effective from Koha item type
    Dewey Decimal Classification   JAI_617_000000000000000_K2   Good Samaritan School Library Good Samaritan School Library Medical Diagnostics 09/22/2018   JAI617 K-2 JAI15121 09/22/2018 09/22/2018 BOOK
    Dewey Decimal Classification   JAI_617_000000000000000_K2   Good Samaritan School Library Good Samaritan School Library Medical Diagnostics 09/22/2018   JAI617 K-2 JAI15122 09/22/2018 09/22/2018 BOOK

Powered by Koha